000 00454nam a22001812 4500
001 0000005540
005 20151217160106.0
008 070615s xx 000 0 eng d
040 _aKABU
_cKABU
050 0 _aPZ7
_b.K5S36
100 1 _aKimenye, Barbara.
_@0000152306
245 1 4 _aThe Scoop.
260 _aNairobi :
_bEAEP,
_c1991.
300 _a69 p.
908 _a070615
950 _@1
999 _c14108
_d14108